Statistiken für Deutsche Athleten nach Sportart

Klicken Sie hier um das Quiz zu spielen!

Allgemein

  • Dieses Quiz wurde 741 mal gespielt
  • Das Durchschnittsergebnis liegt bei 14 aus 20

Antwortstatistiken

AthletSport% Korrekt
Dirk NowitzkiBasketball
98%
Michael SchumacherFormel 1
98%
Timo WernerFußball
98%
Steffi GrafTennis
92%
Fabian HambüchenTurnen
87%
Timo BollTischtennis
85%
Magdalena NeunerBiathlon
81%
Pascal HensHandball
80%
Maria Höfl-RieschSki Alpin
77%
Jan UllrichRadfahren
69%
Leon DraisaitlEishockey
68%
Markus EisenbichlerSkispringen
68%
Katarina WittEiskunstlauf
67%
Franziska van AlmsickSchwimmen
67%
Felix LochRodeln
63%
Julius BrinkBeachvolleyball
58%
Martin KaymerGolf
55%
Sebastian VollmerAmerican Football
45%
Birgit FischerKanu
31%
Max KeplerBaseball
20%

Verteilung der Resultate

Perzentil nach korrekt beantworteten Fragen

Anzahl Personen mit jedem Resultat

Ihre Resultats-Entwicklung

Sie haben dieses Quiz noch nicht gespielt